| 000 | 00809nam a22002417a 4500 | ||
|---|---|---|---|
| 005 | 20260116122005.0 | ||
| 010 | _aENG-147509 | ||
| 020 |
_a9789367139288 _c825.00 |
||
| 035 | _aEN-131041 | ||
| 037 | _bDBAD | ||
| 082 |
_a570.2462 _21 |
||
| 100 |
_aBhattacharya, Debasmita _986499 |
||
| 245 |
_aBiology for Engineers/ _cDebasmita Bhattacharya...[et.al] |
||
| 250 | _a1 | ||
| 260 |
_aNoida _bPearson India Education _c2026 |
||
| 270 |
_a15th Floor, Towe-B, World Trade Tower, Plot No.1, Block-C, Sector-16 _bNoida _e201301 |
||
| 300 |
_a540p. _c23cm(pb) _bIndex |
||
| 700 |
_aMukherjee, Ruchira _eAuthor _986497 |
||
| 700 |
_aLahiri, Dibyajit _eAuthor _986500 |
||
| 700 |
_aNag, Moupriya _eAuthor _986501 |
||
| 700 |
_aBanerjee, Subhamoy _eAuthor _986498 |
||
| 942 |
_2ddc _cEN _h570.2462 _mBHA |
||
| 999 |
_c214220 _d214220 |
||